Greatest Nordic Players in NHL History - Statistics

General Stats
  • This quiz has been taken 149 times
    106 since last reset
  • The average score is 14 of 20
Answer Stats
Career Player % Correct
Goaltender 2006 - 2020 Henrik Lundqvist
91%
Forwards 1993 - 2014 Teemu Selänne
91%
Forwards 1979 - 1998 Jari Kurri
82%
Defencemen 1992 - 2012 Nicklas Lidström
82%
Forwards 1995 - 2011 Peter Forsberg
82%
Defencemen 2010 - Present Erik Karlsson
80%
Defencemen 2010 - Present Victor Hedman
80%
Forwards 2001 - 2018 Daniel Sedin
77%
Forwards 2001 - 2018 Henrik Sedin
77%
Forwards 1991 - 2009 Mats Sundin
75%
Forwards 2014 - Present Aleksander Barkov
68%
Defencemen 1974 - 1990 Börje Salming
68%
Forwards 2003 - 2018 Henrik Zetterberg
63%
Forwards 2016 - Present Mikko Rantanen
63%
Goaltender 2008 - 2022 Tuukka Rask
63%
Forwards 1996 - 2014 Daniel Alfredsson
57%
Forwards 1994 - 2009 Markus Näslund
50%
Forwards 2008 - Present Nicklas Bäckström
41%
Defencemen 1999 - 2015 Kimmo Timonen
36%
Defencemen 1982 - 1990 Reijo Ruotsalainen
27%
No matching quizzes found
Score Distribution
Percent of People with Each Score
Percentile by Number Answered
Your Score History
You have not taken this quiz since the last reset